Francesco Farioli's Ajax - Statistics

General Stats
  • This quiz has been taken 21 times
  • The average score is 31 of 39
Answer Stats
Rank Player Position Nationality Matches Goals Assists % Correct
2 Jorrel Hato Left-Back 50 3 6
100%
11 Anton Gaaei Right-Back 40 3 5
93%
3 Bertrand Traoré Right Winger 49 10 8
93%
7 Brian Brobbey Centre-Forward 44 7 6
93%
6 Jordan Henderson Defensive Midfield 45 1 6
93%
5 Josip Sutalo Centre-Back 45 3 0
93%
1 Kenneth Taylor Central Midfield 52 15 8
93%
4 Mika Godts Left Winger 47 8 7
93%
22 Owen Wijndal Left-Back 13 0 0
93%
9 Remko Pasveer Goalkeeper 43 0 1
93%
10 Steven Berghuis Right Winger 42 3 7
93%
12 Youri Baas Centre-Back 39 1 0
93%
34 Benjamin Tahirović Central Midfield 2 0 0
87%
14 Chuba Akpom Centre-Forward 32 8 1
87%
13 Davy Klaassen Central Midfield 35 8 2
87%
35 Diant Ramaj Goalkeeper 1 0 0
87%
20 Jorthy Mokio Defensive Midfield 18 2 0
87%
25 Kristian Hlynsson Attacking Midfield 9 1 0
87%
15 Wout Weghorst Centre-Forward 31 11 3
87%
23 Ahmetcan Kaplan Centre-Back 12 0 0
80%
27 Carlos Forbs Left Winger 6 0 0
80%
17 Daniele Rugani Centre-Back 26 1 0
80%
16 Devyne Rensch Right-Back 26 1 1
80%
8 Kian Fitz-Jim Central Midfield 44 6 2
80%
26 Lucas Rosa Right-Back 8 0 1
80%
24 Matheus Goalkeeper 10 0 1
80%
21 Oliver Edvardsen Left Winger 15 4 1
80%
38 Rayane Bounida Left Winger 1 0 0
80%
39 Sean Steur Central Midfield 1 0 0
80%
18 Branco van den Boomen Central Midfield 26 2 1
73%
19 Christian Rasmussen Right Winger 22 2 2
73%
37 Jay Gorter Goalkeeper 1 0 0
73%
29 Don-Angelo Konadu Centre-Forward 5 0 2
67%
33 Sivert Mannsverk Defensive Midfield 2 0 0
60%
31 Steven Bergwijn Left Winger 4 0 1
60%
28 Dies Janse Centre-Back 6 0 0
47%
36 Julian Rijkhoff Centre-Forward 1 0 0
47%
30 Youri Regeer Central Midfield 4 1 1
40%
32 Jaydon Banel Left Winger 3 0 0
33%
No matching quizzes found
Score Distribution
Percent of People with Each Score
Percentile by Number Answered
Your Score History
You have not taken this quiz